000 00401pab a2200145 454500
008 180718b2002 xxu||||| |||| 00| 0 eng d
100 _aStern, Eric et al.
245 _aCrisis management in transitional democracies: the baltic experience
260 _c2002
300 _ap.524-50.
362 _aAutumn
650 _aPolitics and government
773 _aGovernment and Opposition
909 _a54723
999 _c54723
_d54723